000
00319nam a22001457a 4500
003
SGT
020
_a
978-93-152-620-9
082
_a
614
_b
F15D
100
_a
DEKAL, V
245
_a
EXAM FORANENSIC MEDICINE AND TOXILOGY
260
_a
NEW DELHI
_b
JAYPEE
_c
2015
300
_a
295
650
_a
PHARMACY
942
_2
ddc
_c
BK
999
_c
11176
_d
11176